000 00728cam a2200193 i 4500
005 20260426125551.0
008 250721s1998 ua gr 000 0 ara d
082 1 4 _a424.2
_bص ب ر
100 1 _aصبرة، أحمد
_dمؤلف.
245 1 2 _aالتفكير الإستعاري في الدراسات الغربية :
_bفي نظرية الإستعارة /
_cد. احمد صبرة.
264 3 1 _aالإسكندرية :
_bدار الصديقان للنشر والاعلان،
_c1998.
300 _a138 صفحة.
650 1 7 _aاللغة الإنجليزية.
650 1 7 _aعلم البلاغة
650 1 7 _aعلم البيان.
650 1 7 _aالإستعارة.
942 _2ddc
_cBK
999 _c71036
_d71036